UK National Rail with Map - LNER - Statistics

General Stats
  • This quiz has been taken 411 times
  • The average score is 31 of 57
Answers on the Map
Answers color-coded by a green-red scale on the quiz's map according to % correct below.
 
Answer Stats
Answer Line % Correct
London King's Cross East Coast Main Line
97%
Leeds Wakefield Line
94%
Newcastle Central East Coast Main Line
92%
York East Coast Main Line
90%
Peterborough East Coast Main Line
89%
Aberdeen Dundee to Aberdeen Line
88%
Hull Paragon Selby Line
88%
Doncaster East Coast Main Line
84%
Durham East Coast Main Line
83%
Inverness Highland Main Line
83%
Dundee Edinburgh to Dundee Line
82%
Edinburgh Waverley East Coast Main Line
82%
Lincoln Nottingham to Lincoln Line
80%
Stevenage East Coast Main Line
78%
Sunderland Durham Coast Line
78%
Darlington East Coast Main Line
76%
Middlesbrough Durham Coast Line
74%
Berwick-upon-Tweed East Coast Main Line
73%
Glasgow Central Glasgow to Edinburgh via Carstairs
73%
Harrogate Harrogate Line
73%
Grantham East Coast Main Line
68%
Haymarket Edinburgh to Dundee Line
64%
Wakefield Westgate Wakefield Line
64%
Newark North Gate East Coast Main Line
60%
Perth Highland Main Line
60%
Northallerton East Coast Main Line
58%
Selby Selby Line
58%
Stirling Edinburgh to Dunblane Line
57%
Alnmouth East Coast Main Line
54%
Morpeth East Coast Main Line
54%
Retford East Coast Main Line
53%
Motherwell Glasgow to Edinburgh via Carstairs
51%
Bradford Forster Square Leeds to Bradford Lines
49%
Dunbar East Coast Main Line
49%
Skipton Airedale Line
44%
Brough Selby Line
41%
Montrose Dundee to Aberdeen Line
40%
Dunblane Edinburgh to Dunblane Line
37%
Stonehaven Dundee to Aberdeen Line
36%
Aviemore Highland Main Line
35%
Keighley Airedale Line
35%
Kirkcaldy Edinburgh to Dundee Line
35%
Leuchars Edinburgh to Dundee Line
35%
Shipley Leeds to Bradford Lines
33%
Arbroath Dundee to Aberdeen Line
31%
Thornaby Durham Coast Line
31%
Horsforth Harrogate Line
29%
Inverkeithing Edinburgh to Dundee Line
28%
Falkirk Grahamston Edinburgh to Dunblane Line
27%
Reston East Coast Main Line
27%
Kingussie Highland Main Line
24%
Pitlochry Highland Main Line
24%
Blair Atholl Highland Main Line
20%
Gleneagles Highland Main Line
20%
Carrbridge Highland Main Line
17%
Dunkeld & Birnam Highland Main Line
17%
Newtonmore Highland Main Line
14%
No matching quizzes found
Score Distribution
Percent of People with Each Score
Percentile by Number Answered
Your Score History
You have not taken this quiz